Регионална библиотека "Любен Каравелов" - Русе

Сочинения Н.К. Михайловского (Запис номер 429758)

MARC детайли
000 -Лидер
Контролно поле с фиксирана дължина nam a22 a 4500
003 - Код на организацията, давaща контролен номер
Контролно поле BLK
005 - Дата и час на последна редакция
Контролно поле 20210824143051.0
008 - Елементи от данни с фиксирана дължина
fixed length control field 210818b bu |||||r|||| 00| | bu d
040 ## - Източник на каталожния запис
Идентификатор на билиотеката - собственик на записа BLK
041 ## - Код за език
Код за езика на текст/звукозапис или на отделно заглавие Руски
Код за езика КДБФ Руски
080 ## - УДК
Текстов определител УДК Руска литература
УДК код - определител по УДК 821.161.1
УДК определител .09
УДК - код + определител 821.161.1.09
100 ## - Редна дума - Автор
R(LIN) 1299
Автор Михайловский, Николай Константинович
Авторска отговорност първи автор
139 ## - Редно поле
Редна дума Михайловский, Николай Константинович
245 ## - Сведения за заглавието
Заглавие Сочинения Н.К. Михайловского
Редно поле (дума) Николай Константинович Михайловский,
Том Т. 1
257 ## - Страна на издаване
Страна на създаване/издаване Русия
260 ## - Област на издателските данни
9 (RLIN) 460445
Място на издаване, разпространение и проч. Санкт-Петербург
Име на издателя, разпространителя и проч. ред. журн. Русское богатство
Година на издаване 1896-
300 ## - Физическа характеристика
Размери/Мащаб 27 см
380 ## - Жанр
Жанр Литературознание
490 ## - СЕРИИ (Колекции)
9 (RLIN) 435080
Име на серия Колекция Редки и ценни издания
760 ## - Описание на основната серия
Редна дума на основното описание Михайловский, Николай Константинович
Място на издаване, издател и година Санкт-Петербург : Ред. журн. "Русское богатство", 1896
Страници - том 970 c.
Част - том Т. 1
852 ## - Местоположение
Форматна сигнатура Рр 896
Фондова буква Редки и ценни
999 ## - СИСТЕМНИ КОНТРОЛНИ НОМЕРА
Koha biblionumber 429758
Koha biblioitemnumber 429758
942 ## - АРТИКУЛИ
Вид на библиотечния материал Книги
Скрит в OPAC Не
Периодичен библиозапис Да
944 ## - СЪЗДАВАНЕ И РЕДАКЦИЯ на ЗАПИСА
Създаване/Редакция Създаване
Дата на регистрацията/редакция 2021-08-24
Служител, извършил регистрацията/редакцията ВК
Статус, дата на статуса 2021-08-24
999 ## - СИСТЕМНИ КОНТРОЛНИ НОМЕРА
Koha biblioitemnumber 429758
999 ## - СИСТЕМНИ КОНТРОЛНИ НОМЕРА
Koha biblioitemnumber 429758
Наличности
Код за отписване Код за изгубен артикул Източник на класификационната схема Код за повреда Коз за рестрикции Код за отдаване Артикулен № Име на библиотеката - собственик Име на библиотеката, в която се намира в момента Статус (Текущо местоположение) Дата на вписване в системата Местоположение - отдел Цена в лева Инвентарен номер Систематично азбучна сигнатура Баркод Цена в евро Служебен тип на артикула
  Не е изгубен Universal Decimal Classification Не е повреден само за читалня Специални фондове ( старопечатни, редки и ценни, фонд М. Арнаудов) 854077 Регионална библиотека "Любен Каравелов" Русе Регионална библиотека "Любен Каравелов" Русе Редки и ценни 2021-09-23 Редки и ценни 0.79 10993-I Рр 896 900000075911 0.40 Книги
Vip Innovations Ltd, Rousse, Bulgaria 2025